Score 0/7 Timer 03:00
0 Plays Today
Question Answer Wrong Answers
This American film director, known for directing ‘Pulp Fiction’ and ‘Django Unchained’, is born.
1963
Quentin Tarantino
90.6%
Martin Scorsese
3.4%
Stanley Kubrick
2%
Woody Allen
1.7%
The United States Government establishes a permanent ______ and authorizes the building of six frigates.
1794
Navy
81.1%
Coast Guard
7.7%
Merchant Marine
2.6%
Army
8.2%
During the War of 1812, US forces under this general defeat the Creek at the Battle of Horseshoe Bend.
1814
Andrew Jackson
63.7%
Alexander Macomb
3.5%
Zachary Taylor
24.6%
Winfield Scott
6.8%
This American singer-songwriter, known for hits like ‘One Sweet Day’ and ‘We Belong Together’, is born.
1970
Mariah Carey
63.3%
Mary J. Blige
20.8%
Aaliyah
4.7%
Brandy
8.1%
______ becomes King of England, Scotland and Ireland, as well as claiming the title 'King of France'.
1625
Charles I
49.3%
James II
21.6%
George I
16.7%
William IV
12.2%
The Good Friday earthquake, the most powerful in North American history at a magnitude of 9.2, strikes in this state, killing 139 people and inflicting massive damage.
1964
Alaska
40.1%
Washington
5.3%
Hawaii
9.3%
California
42.3%
A group of ______ Air Force officers topple the pro-Axis government in a bloodless coup.
1941
Yugoslav
37.6%
Bulgarian
16.4%
Turkish
23.7%
Spanish
20.3%
Remove Ads.
Support Sporcle.
Get the best of Sporcle when you Go Orange. This ad-free experience offers more features, more stats, and more fun while also helping to support Sporcle. Thank you for becoming a member.

You're not logged in!

Compare scores with friends on all Sporcle quizzes.
OR
Log In

Show Comments

Extras

Top Quizzes Today


Score Distribution

Your Account Isn't Verified!

In order to create a playlist on Sporcle, you need to verify the email address you used during registration. Go to your Sporcle Settings to finish the process.

Report this User

Report this user for behavior that violates our Community Guidelines.

Details: